Chutes and Ladders III Quiz Stats

Quiz Updated May 11, 2012

Challenge
Share
Tweet
Embed
Score 0/105 Timer 05:00
0 Plays Today
% Correct
▲Vader or Maul▲
100%
█████████████████
100%
◊ EARTH ◊
100%
►circulatory organ►
100%
█████████████████
94.3%
█████████████████
94.3%
█████████████████
93.8%
HEART
93.7%
►one who abhors►
93.7%
▲gets wind of▲
93.7%
▲pub projectiles▲
93.3%
DARTH
93.3%
█████████████████
87.6%
▲challenges▲
87.6%
DARTS
87.6%
►''Curses!''►
87.6%
█████████████████
85.6%
█████████████████
85.5%
HEARS
83.4%
►stock unit►
83.4%
█████████████████
80.9%
█████████████████
80.3%
█████████████████
78.9%
█████████████████
78.6%
▲gives a fig▲
78.5%
DARES
78.5%
►uses a Kindle►
78.5%
█████████████████
75.5%
█████████████████
75.4%
█████████████████
74.9%
█████████████████
74.7%
█████████████████
74.5%
▲starring roles▲
74.4%
READS
74.4%
►loved ones►
74.4%
% Correct
█████████████████
73.9%
█████████████████
73.9%
█████████████████
73%
HATER
72.6%
█████████████████
72%
▲tilts to the side▲
72%
LEADS
72%
█████████████████
72%
▲quick-witted▲
71.9%
SHARE
71.9%
█████████████████
70.8%
█████████████████
70.7%
▲university heads▲
70.6%
LEANS
70.6%
►bowling alleys►
70.6%
█████████████████
70.6%
█████████████████
70.3%
█████████████████
70.3%
DEANS
69.8%
◄four-door auto◄
69.8%
▲walking sticks▲
69.6%
LANES
69.6%
▲casual eateries▲
68.9%
CANES
68.9%
▲salty eye drops▲
68.9%
DEARS
68.9%
█████████████████
68.3%
DRATS!
68.2%
TEARS
67.3%
▲it's on your 6 key▲
66.9%
CARES
66.9%
█████████████████
66.6%
█████████████████
66.5%
▲Khartoum's country▲
66%
SEDAN
66%
% Correct
SHARP
65.9%
█████████████████
64.7%
▲Lucci or Sarandon▲
64.1%
SUDAN
64.1%
█████████████████
63.8%
█████████████████
62.5%
◄confronts◄
62.4%
▲bank fixtures▲
62.4%
CAFES
62.4%
█████████████████
62%
SUSAN
61.9%
▲side of a diamond▲
58.7%
FACES
58.7%
█████████████████
58.1%
█████████████████
57.8%
█████████████████
57.2%
CARET
55.3%
FACET
55.2%
▲less risky▲
52.6%
SAFES
52.6%
█████████████████
52.1%
█████████████████
51.8%
◄phobias◄
51.7%
SAFER
51.7%
█████████████████
51.6%
█████████████████
51.6%
▲achievements▲
51.5%
FEARS
51.5%
◄eat like a king◄
48.8%
FEATS
48.8%
►Greek cheeses►
48.8%
FETAS
48.4%
FEAST
47.9%
▼last but not ____▼
47.9%
◊ LEAST ◊
47.6%

You're not logged in!

Compare scores with friends on all Sporcle quizzes.
Sign Up with Email
OR
Log In

You Might Also Like...

Show Comments

Extras

Top Quizzes Today


Score Distribution

Your Account Isn't Verified!

In order to create a playlist on Sporcle, you need to verify the email address you used during registration. Go to your Sporcle Settings to finish the process.